000 00430nam a22001577a 4500
003 NUST - PNEC
005 20170116181107.0
008 151003b xxu||||| |||| 00| 0 eng d
040 _cLIBRARY
082 _a428 DIS
100 _912695
_aOxford university press
245 _aReading and thinking in English Discourse in action
_cOxford university press
260 _cc.1980
650 _912693
_xGeneral book
942 _2ddc
_cBK
999 _c68972
_d68972